[Event "31st Trumpeter Classic"]
[Site "Grande Prairie"]
[Date "2014.06.08"]
[Round "4"]
[White "Sequillion, Aaron"]
[Black "Gardner, Robert"]
[Result "1/2-1/2"]
[WhiteElo "2168"]
[BlackElo "2294"]
[PlyCount "148"]
[EventDate "2014.06.07"]
[EventType "swiss"]
[EventRounds "5"]
[SourceDate "2013.09.08"]

1. e4 g6 2. d4 Bg7 3. Nc3 d6 4. h4 {A rare move that scores well, nonetheless.}
h5 5. Be3 Nd7 6. Qd2 c5 {This is already a novelty but White can hardly
complain about being out of book. He has a pleasant position with a clear plan
of the kingside attack.} 7. O-O-O cxd4 8. Bxd4 Ngf6 9. f4 Nb6 10. Nf3 Be6 {
Black plays very provocatively and gets into trouble quickly.} 11. Ng5 (11.
Bb5+ {would have been very annoying.} {For example,} Bd7 $2 {
loses immediately to} 12. e5 Ng4 13. e6) 11... Bg4 12. Be2 Bxe2 13. Qxe2 O-O
14. f5 $1 {Black has serious problems on light squares.} Qc8 15. Rhf1 Qc4 16.
Qf3 {White is clearly not interested in endgames.} ({Simple} 16. Qxc4 Nxc4 17.
fxg6 fxg6 18. b3 Ne5 19. Bxe5 dxe5 20. Ne6 {does look good for him.}) 16... Ng4
{Black seeks active play at any cost.} 17. b3 Qa6 $2 {
but this mistake lets White obtain a winning position.} (17... Qc8 {
covering e6 is the only move.}) 18. Bxg7 Nh2 {
It really is time for desperate measures.} (18... Kxg7 19. fxg6 {
leads to total annihilation.}) 19. Qf4 Nxf1 20. Bxf8 {
A relatively simple continuation that should be more than enough for a win.} ({
There is also a spectacular but less comprehensible} 20. Ne6 fxe6 21. Qh6 {
which is somehow supposed to be completely winning for White...}) 20... Qa3+
21. Kb1 Nc4 22. Na4 Nfe3 23. fxg6 f6 24. Rd4 b5 {
Black keeps the position as messy as possible and suddenly succeeds.} 25. Rxc4
Nxc4 {The critical moment of the game.} 26. Qc1 $2 {
Aaron didn't have much time on the clock and couldn't pull the trigger.} ({
The only winning continuation is} 26. Bxe7 $3 bxa4 27. Bxf6 {The bishop
fully navigates through a maze of black pawns and gets back just in time to
prevent mate on b2.} {After} axb3 28. axb3 Qa5 29. Nf3 {
the black king will not survive for long.}) {White opted for the computer's
second line and suddenly goes from totally winning to completely lost!} 26...
Qxc1+ $2 {Black partially returns the favor.} ({After} 26... fxg5 27. Bxe7 bxa4
{White would have resigned fairly soon.}) 27. Kxc1 Rxf8 28. Ne6 Rc8 29. Nc3 {
The game isn't over yet; Black is required to demonstrate his technique.} Ne3
$1 30. Kd2 b4 $1 31. Nd5 Nxd5 32. exd5 Rc3 33. Nd4 Rg3 34. Nc6 Rxg2+ 35. Kd3
Kf8 36. Nxb4 Rxg6 37. Nc6 Rg4 38. Nxa7 Ke8 39. a4 Kd7 40. a5 {
So far so good but now Black gets too fancy.} e6 (40... Rxh4 {
wins without much drama, e.g.,} 41. Nc6 Rg4 42. a6 Kc7 43. Nxe7 h4 {
and the pawn is unstoppable.}) 41. dxe6+ Kxe6 42. a6 Kd5 ({More natural is} 
42... Kd7 43. Nb5 Kc6 44. a7 Kb7 45. Nxd6+ Kxa7 {
It's not as clear as before but should still be winning.}) 43. Nc8 Rg3+ $2 {
It is this check that costs Black half a point.} (43... Kc6 44. a7 Kb7 45.
Nxd6+ Kxa7 {transposes to the line above.}) 44. Kd2 Kc6 45. a7 Kb7 46. Nxd6+
Kxa7 47. Ne4 $1 Rf3 48. Ke2 {It turns out that Black is going to lose both of
his pawns and there is nothing that he can do about it.} Rf4 49. Ke3 Rxh4 50.
Nxf6 Kb6 51. Kf3 Kb5 52. Kg3 Rh1 53. Kg2 Rc1 54. c4+ Kb4 55. Nxh5 {
The rest is redundant.} Kxb3 56. Kf3 Kxc4 57. Nf4 Re1 58. Ne2 Ra1 59. Ke3 Ra8
60. Ke4 Re8+ 61. Kf3 Rf8+ 62. Ke4 Re8+ 63. Kf3 Kd5 64. Nf4+ Ke5 65. Nd3+ Kf5
66. Nf4 Re4 67. Ne2 Ra4 68. Ke3 Ke5 69. Kd3 Rh4 70. Nc3 Rd4+ 71. Ke3 Rd8 72.
Ne2 Ra8 73. Nc3 Rh8 74. Kd3 Rh3+ 1/2-1/2

[Event "2014 AB Seniors Over 65"]
[Site "Calgary"]
[Date "2014.06.15"]
[Round "4"]
[White "Stacey, George"]
[Black "Willis, Bradley J"]
[Result "0-1"]
[WhiteElo "950"]
[BlackElo "2035"]
[PlyCount "52"]
[EventDate "2014.06.14"]
[EventRounds "4"]
[SourceDate "2013.09.08"]

1. d4 f5 2. Bf4 Nf6 3. e3 e6 4. Nd2 b6 5. Bd3 Bb7 6. Ngf3 Be7 7. O-O O-O 8. c3
({In this setup White usually spends a tempo on} 8. h3 {
creating a retreat square for the dark-squared bishop.}) 8... Ne4 ({
Black can take advantage of the opponent's move order by} 8... Nh5 $5 {
picking up the bishop pair.}) 9. Qc2 g5 $6 {Positionally risky.} ({Safer is} 
9... d5) 10. Bg3 $6 ({
White can obtain a long-term positional advantage by tactical means:} 10. Nxe4
$1 gxf4 11. Ned2 fxe3 12. fxe3 {intending e3-e4 next. The exposed black king
will remain a key factor for a long time.}) 10... Nxg3 11. hxg3 Qe8 ({
Black gets a nice position after} 11... g4 $1 12. Ne1 d5 {
with a firm grip on the light squares.}) 12. g4 ({Immediate} 12. e4 $5 {
looks strong.}) 12... Qg6 $6 ({Correct is} 12... fxg4 {as} 13. Bxh7+ $2 Kg7 14.
Ne5 Qh5 $1 {may lead to a quick checkmate along the h-file.}) 13. Ne5 Qf6 14.
f4 d6 15. Nef3 h6 16. gxf5 exf5 17. g3 $2 {Too unambitious. White's advantage
in development gives him a right to play aggressively.} ({Here and later} 17.
fxg5 $1 hxg5 18. Nh2 $1 {opens up lines and threatens to win the f5-pawn. In
fact, the computer already evalutes the position as winning for White.}) 17...
Nd7 18. Rf2 Rf7 19. Re1 Nf8 20. e4 $2 ({Again,} 20. fxg5 hxg5 21. Nh2 $1 {
is strong.}) 20... gxf4 21. gxf4 Rg7+ {
The tables are turning. Black's attack is surprisingly dangerous.} 22. Rg2
Rxg2+ (22... Ne6 $1 {may be even better.}) 23. Kxg2 Ng6 24. Kg3 Nxf4 $1 {
Decisive.} 25. e5 Qg6+ 26. Kxf4 Bg5+ 0-1

[Event "2014 Fort McMurray Open"]
[Site "Fort McMurray"]
[Date "2014.07.05"]
[Round "3"]
[White "Shi, Diwen"]
[Black "Gardner, Robert"]
[Result "1-0"]
[WhiteElo "1934"]
[BlackElo "2164"]
[PlyCount "61"]
[EventDate "2014.07.05"]
[EventType "swiss"]
[EventRounds "5"]
[SourceDate "2013.09.08"]

1. e4 d6 2. d4 Nf6 3. Nc3 g6 4. f3 c6 5. Be3 Nbd7 6. Qd2 e5 7. O-O-O Qe7 $6 8.
h4 h5 9. Kb1 a6 10. Nh3 b5 11. Ng5 b4 $2 12. Na4 exd4 13. Bxd4 c5 14. Be3 {
Black hasn't made an obvious mistake so far. However, his treatment of the
opening contradicts the basic principles so much that his position is already
close to being lost. Moreover, White has a wide choice of good continuations.}
({For example,} 14. Bc4 cxd4 15. Bxf7+ Qxf7 16. Nxf7 Kxf7 17. Qxd4 {
with a large positional and material advantage.}) 14... Bb7 15. Bf4 Bc6 16. Bc4
$1 {The game is essentially over.} Bxa4 17. Nxf7 d5 18. Nd6+ Kd8 19. Bxd5 Ra7
20. Nf7+ Ke8 21. Bd6 Qxf7 22. Bxf7+ Kxf7 23. e5 Ne8 24. e6+ Kxe6 25. Rhe1+ Kf7
26. Qd5+ Kg7 27. Rxe8 Bxd6 28. Rxh8 Kxh8 29. Qxd6 Kg7 30. Qe7+ Kh6 31. Rd6 1-0

[Event "2014 Fort McMurray Open"]
[Site "Fort McMurray"]
[Date "2014.07.06"]
[Round "5"]
[White "Miller, David"]
[Black "Gardner, Robert"]
[Result "1-0"]
[WhiteElo "2027"]
[BlackElo "2164"]
[PlyCount "51"]
[EventDate "2014.07.05"]
[EventType "swiss"]
[EventRounds "5"]
[SourceDate "2013.09.08"]

1. e4 g6 2. d4 Bg7 3. Nc3 d6 4. Be2 c6 5. Nf3 Nf6 6. O-O O-O 7. h3 b5 8. a3 Qc7
9. Bg5 h6 10. Be3 Nbd7 11. Qc1 Kh7 12. Nd2 a6 13. f4 Bb7 14. e5 Nd5 15. Nxd5
cxd5 16. Nf3 Nb6 17. b3 f6 $6 {Black's play on the queenside ran into a dead
end so he tries to undermine White's position in the center.} 18. f5 $1 {
A spectacular (and fully sound) pawn sacrifice.} gxf5 $2 ({Relatively best is} 
18... fxe5 {but Black's position is no fun after} 19. fxg6+ Kxg6 20. dxe5 dxe5
21. Nxe5+ $1) 19. e6 $1 Bc8 20. Nh4 Bxe6 21. Bd3 Rh8 22. Qe1 $1 Bf7 23. Nxf5
Bg6 24. Qh4 h5 $2 (24... Kg8 {
avoids an immediate disaster but Black's position remains desperate:} 25. Nxh6+
Bxh6 26. Bxh6 Bxd3 27. Qg3+ Kf7 28. Qg7+ Ke8 29. cxd3 {etc.}) 25. Qxh5+ Bxh5
26. Nxe7+ 1-0